000 02305nam a22003497a 4500
005 2010092000590.0
010 _aENG-101493 B-423636-641
020 _a9788120341661
_c150.00
035 _aEN-85026
035 _aB-423636-641
037 _bDBAD / PUB
037 _bAllied Publishers
082 _a621.75
100 _aJohn,K.C.
_9822
245 _aMechnical workshop practice /
_cby K.C.John
250 _a2nd ed
260 _bPrentice Hall of India
_c2010
_aNew Delhi
270 _aM-97, Connaught Circus
_e110001
300 _ax,233p.
_c24cm (pbk)
500 _aIncludes index
700 _aAbbasi,S.A.
_920777
942 _adpl
_cEN
_2ddc
_mJOH
_h621.75
999 _c47000
_d47000